000 00661nam a2200253Ia 4500
003 OSt
005 20221005031854.0
006 a|||||r|||| 00| 0
007 ta
008 221004b |||||||| |||| 00| 0 tam d
020 _c1.50
024 _a65129
037 _cTextual
040 _aCRL
_cCRL
_btam
041 _2tam
_atam
082 _aO31,3NJE,22, K0
100 _aJagasirpiyan Au.
_9584414
245 0 _aPoikkal Kuthirai
260 _aChennai
_bPrema Pirasuram India
_c1960
300 _a146p.
_ccm.
650 _aTAMIL LITERATURE
942 _hO31,3NJE,22, K0
_cTEXL
_2cc
999 _c938605
_d938605